000 00432nam a2200181Ia 4500
008 100917s9999 xx 000 0 und d
082 _b14838
100 _aमित्र का. र.
245 _aलीला
260 _b---
_c1909
300 _a267
365 _b0.75
520 _aकादंबरी
630 _aलीला
650 _aकादंबरी
730 _aलीला
942 _cBOOK
999 _c620232
_d620229